|
|
|
|
| LEADER |
02968nam a2200589 i 4500 |
| 001 |
mzk03001241148 |
| 003 |
CZ BrMZK |
| 005 |
20190111121046.0 |
| 007 |
ta |
| 008 |
171124s1784 xr fr|||||00| ||gerod |
| 040 |
|
|
|a BOA001
|b cze
|e rda
|
| 041 |
0 |
|
|a ger
|a lat
|
| 072 |
|
7 |
|a 27-78
|x Křesťanská sdružení, spolky a organizace. Řeholní řády
|2 Konspekt
|9 5
|
| 072 |
|
7 |
|a 094
|x Staré tisky
|2 Konspekt
|9 12
|
| 080 |
|
|
|a 27-788-544.6
|2 MRF
|
| 080 |
|
|
|a 27-184.3
|2 MRF
|
| 080 |
|
|
|a 27-789.2-1/-9
|2 MRF
|
| 080 |
|
|
|a (0.068)094
|2 MRF
|
| 100 |
1 |
|
|a Wondraschek, Andreas Mathias
|4 aut
|
| 245 |
1 |
4 |
|a Der aus Liebe zur Wahrheit bewiesene Ungrund des von Norbert Greg. Korber, reg. Kanonikus zu Klosterbruck in Mähren, verfaßten Beitrags zu des Herrn F. X. Gmeiner Beweis: Klostergelübde sind nicht unauflöslich /
|c Von Andreas Mathias Wondraschek, reg. Kanonikus
|
| 264 |
|
1 |
|a Breslau :
|b [nakladatel není známý],
|c 1784
|
| 300 |
|
|
|a 164 stran ;
|c 8° (20 cm)
|
| 336 |
|
|
|a text
|b txt
|2 rdacontent
|
| 337 |
|
|
|a bez média
|b n
|2 rdamedia
|
| 338 |
|
|
|a svazek
|b nc
|2 rdacarrier
|
| 500 |
|
|
|a Výzdoba: Nad impresem dvě linky a viněta (putti s věnečkem v ruce vznášející se nad vedutou města), vlys (putti), typografické ozdůbky v záhlaví, koncová viněta (sedící putti s věnečkem)
|
| 500 |
|
|
|a Typografická výzdoba: V horních vnějších rozích arabské číslování, signatury, stránkové kustody
|
| 500 |
|
|
|a Fingované impresum: správné údaje - Brno - podle typografické výzdoby se jedná o tisk vyšlý v tiskárně dědiců Emanuela Antonína Svobody, spíše již Jana Silvestra Sidlera, který tiskárnu v roce 1784 zakoupil
|
| 546 |
|
|
|a V německém textu latinské poznámky
|b Německý text tištěn gotikou, latinský antikvou
|
| 561 |
|
|
|a Provenience: [Antiquariat Löcker, Wien, kup 12/2017]
|
| 563 |
|
|
|a Šedá papírová obálka
|
| 590 |
|
|
|a Poškozeno vodou - v pravém horním rohu od s. 59 stále se zvětšující zateklina od vody
|
| 510 |
4 |
|
|a BCBT,
|c BCBT01750
|u https://knihoveda.lib.cas.cz/Record/BCBT01750
|
| 510 |
4 |
|
|a Dokoupil, V. Soupis brněnských tisků,
|c 1784/34
|
| 650 |
|
7 |
|a řeholní sliby
|7 ph730885
|2 czenas
|
| 650 |
|
7 |
|a křesťanská víra
|7 ph122113
|2 czenas
|
| 650 |
|
7 |
|a benediktinská spiritualita
|7 ph166049
|2 czenas
|
| 655 |
|
7 |
|a staré tisky
|7 fd422076
|2 czenas
|
| 700 |
1 |
|
|a Korber- von Korborn, Gregor Norbert,
|d 1749-1843
|7 mzk2010573780
|4 ant
|
| 700 |
1 |
|
|a Gmeiner, Franz Xaver,
|d 1752-1824
|7 ola364045
|4 ant
|
| 903 |
|
|
|a RP
|
| 910 |
|
|
|a BOA001
|b ST1-1398.908
|
| 978 |
|
|
|b Siedler, Jan Silvestr
|a Brno
|c 1784
|
| 978 |
|
|
|b S.n.
|a Wrocław [fing.]
|c 1784
|
| 978 |
|
|
|b Svoboda, Emanuel - dědici
|a Brno
|c 1784
|
| 984 |
|
|
|a Brno
|b Česko
|
| 984 |
|
|
|a Vratislav
|b Polsko
|
| 985 |
|
|
|a 1751-1800
|
| 990 |
|
|
|a BK
|
| 993 |
|
|
|a Y
|
| 991 |
|
|
|k mzk
|
| 996 |
6 |
|
|b 2610728238
|c ST1-1398.908
|l stud. ST
|r Sklad / do násl. otevíracího dne
|n 0
|p kup
|w 001644183
|u 000010
|a 1
|e BOA001
|s P
|